|
|
|
|
| LEADER |
00780nab a2200205 i 4500 |
| 001 |
acta7607 |
| 005 |
20251209144421.0 |
| 008 |
161015s1987 hu o 000 ger d |
| 022 |
|
|
|a 0238-8308
|
| 040 |
|
|
|a SZTE Egyetemi Kiadványok Repozitórium
|b hun
|
| 041 |
|
|
|a ger
|
| 100 |
1 |
|
|a Nimschowski Helmut
|
| 245 |
1 |
0 |
|a Kolonialherrschaft, nationale Befreiungsrevolution und Wahl des Entwicklungsweges in Algerien
|h [elektronikus dokumentum] /
|c Nimschowski Helmut
|
| 260 |
|
|
|a Université de Szeged
|b Szeged
|c 1987
|
| 300 |
|
|
|a 105-136
|
| 490 |
0 |
|
|a Mediterrán tanulmányok
|v 1
|
| 650 |
|
4 |
|a Bölcsészettudományok
|
| 650 |
|
4 |
|a Történettudomány és régészet
|
| 695 |
|
|
|a Algéria története
|
| 856 |
4 |
0 |
|u http://acta.bibl.u-szeged.hu/7607/1/mediterran_001_105-136.pdf
|z Dokumentum-elérés
|